| 000 | 01169nac a22002891u 4500 | ||
|---|---|---|---|
| 008 | 160926b xxu||||| |||| 00| 0 eng d | ||
| 010 | _a 91013201 | ||
| 020 | _a0070458960 | ||
| 082 | 0 | 0 |
_a620.112 _bNAS |
| 100 | _aNash, William A. | ||
| 245 | 1 | 0 |
_aSchaum’s outline of theory and problems of statics and mechanics of materials / _cWilliam A. Nash. |
| 260 |
_aNew York : _bMcGraw-Hill,1992 _cc1992. |
||
| 300 |
_avi, 282 p. : _bill. ; _c28 cm. |
||
| 490 | 0 | _aSchaum's outline series | |
| 500 | _aIncludes index. | ||
| 500 | _adistributer: Al-Ahram | ||
| 511 | _acatalogued by: wessam | ||
| 650 | 0 |
_aStatics _xProblems, exercises, etc. _2BUEsh |
|
| 650 | 0 |
_aStrength of materials _xProblems, exercises, etc. _2BUEsh |
|
| 650 | 0 |
_aStatics _xOutlines, syllabi, etc. _2BUEsh |
|
| 650 | 0 |
_aStrength of materials _xOutlines, syllabi, etc. _2BUEsh |
|
| 651 | _2BUEsh | ||
| 740 | 0 | _aTheory and problems of statics and mechanics of materials. | |
| 856 | 4 | 1 |
_3Table of contents _uhttp://www.loc.gov/catdir/toc/mh031/91013201.html |
| 856 | 4 | 1 |
_3Publisher description _uhttp://www.loc.gov/catdir/description/mh022/91013201.html |
| 942 |
_cBB _k620.112NAS _2ddc |
||
| 999 |
_c7338 _d7338 |
||